NBA Finals Winners - Statistics

General Stats
  • This quiz has been taken 378 times
    340 since last reset
  • The average score is 67 of 73
Answer Stats
Year Series Result NBA Champion % Correct
2018 4-0 Golden State Warriors
99%
2017 4-1 Golden State Warriors
99%
2015 4-2 Golden State Warriors
99%
1975 4-0 Golden State Warriors
99%
1956 4-1 Philadelphia Warriors
99%
1947 4-1 Philadelphia Warriors
99%
2008 4-2 Boston Celtics
98%
1986 4-2 Boston Celtics
98%
1984 4-3 Boston Celtics
98%
1981 4-2 Boston Celtics
98%
1976 4-2 Boston Celtics
98%
1974 4-3 Boston Celtics
98%
1969 4-3 Boston Celtics
98%
1968 4-2 Boston Celtics
98%
1966 4-1 Boston Celtics
98%
1965 4-1 Boston Celtics
98%
1964 4-1 Boston Celtics
98%
1963 4-2 Boston Celtics
98%
1962 4-3 Boston Celtics
98%
1961 4-1 Boston Celtics
98%
1960 4-3 Boston Celtics
98%
1959 4-0 Boston Celtics
98%
1957 4-3 Boston Celtics
98%
1998 4-2 Chicago Bulls
98%
1997 4-2 Chicago Bulls
98%
1996 4-2 Chicago Bulls
98%
1993 4-2 Chicago Bulls
98%
1992 4-2 Chicago Bulls
98%
1991 4-1 Chicago Bulls
98%
2016 4-3 Cleveland Cavaliers
98%
2010 4-3 Los Angeles Lakers
98%
2009 4-1 Los Angeles Lakers
98%
2002 4-0 Los Angeles Lakers
98%
2001 4-1 Los Angeles Lakers
98%
2000 4-2 Los Angeles Lakers
98%
1988 4-3 Los Angeles Lakers
98%
1987 4-2 Los Angeles Lakers
98%
1985 4-2 Los Angeles Lakers
98%
1982 4-2 Los Angeles Lakers
98%
1980 4-2 Los Angeles Lakers
98%
1972 4-1 Los Angeles Lakers
98%
1954 4-3 Minneapolis Lakers
98%
1953 4-1 Minneapolis Lakers
98%
1952 4-1 Minneapolis Lakers
98%
1950 4-2 Minneapolis Lakers
98%
1949 4-2 Minneapolis Lakers
98%
2013 4-3 Miami Heat
97%
2012 4-1 Miami Heat
97%
2006 4-2 Miami Heat
97%
2014 4-1 San Antonio Spurs
95%
2007 4-0 San Antonio Spurs
95%
2005 4-3 San Antonio Spurs
95%
2003 4-2 San Antonio Spurs
95%
1999 4-0 San Antonio Spurs
95%
2011 4-2 Dallas Mavericks
94%
2019 4-2 Toronto Raptors
94%
2004 4-1 Detroit Pistons
90%
1990 4-1 Detroit Pistons
90%
1989 4-0 Detroit Pistons
90%
1995 4-0 Houston Rockets
90%
1994 4-3 Houston Rockets
90%
1983 4-0 Philadelphia 76ers
84%
1967 4-2 Philadelphia 76ers
84%
1973 4-1 New York Knicks
81%
1970 4-3 New York Knicks
81%
1971 4-0 Milwaukee Bucks
78%
1979 4-1 Seattle Supersonics
71%
1977 4-2 Portland Trail Blazers
68%
1958 4-2 St. Louis Hawks
67%
1948 4-2 Baltimore Bullets
60%
1978 4-3 Washington Bullets
60%
1951 4-3 Rochester Royals
43%
1955 4-3 Syracuse Nationals
35%
No matching quizzes found
Score Distribution
Percent of People with Each Score
Percentile by Number Answered
Your Score History
You have not taken this quiz since the last reset